Konstrukce a výroba obráběcích nástrojů /

Gespeichert in:
Bibliographische Detailangaben
1. Verfasser: Mrkvica, Miloš (Verfasst von)
Format: Buch
Sprache:Tschechisch
Veröffentlicht: Ostrava : Vysoká škola báňská - Technická univerzita v Ostravě, 1986
Ausgabe:1.vyd.
Schlagworte:
Tags: Tag hinzufügen
Keine Tags, Fügen Sie das erste Tag hinzu!

MARC

LEADER 00000nam a22000003a 4500
001 stu39587
005 20150617225655.9
008 930216s1986----cs------------------cze-d
040 |a STU  |b slo 
041 0 |a cze 
044 |a cs 
080 |a 621.9.002.56(075.8) 
100 1 |a Mrkvica, Miloš  |4 aut 
245 1 |a Konstrukce a výroba obráběcích nástrojů /  |c [aut.]Miloš Mrkvica 
250 |a 1.vyd. 
260 |a Ostrava :  |b Vysoká škola báňská - Technická univerzita v Ostravě,  |c 1986 
300 |a 214 s 
650 7 |a obrábanie  |2 stusub 
650 7 |a nástroje  |2 stusub 
650 7 |a Nástroje obrábacie  |2 stusub 
650 7 |a konštrukcia  |2 stusub 
650 7 |a výroba  |2 stusub 
996 |b 284M018859  |c M*S-367-2  |l MMKN  |s A  |a 24  |w stu39587_0001 
996 |b MS367 1  |c M*S-367-1  |l MMKN  |s A  |a 24  |w stu39587_0002 
996 |b 284M018858  |c M*S-367-3  |l MMKN  |s A  |a 24  |w stu39587_0003